| 000 -LEADER |
| fixed length control field |
00722cam a2200241 a 4500 |
| 001 - CONTROL NUMBER |
| control field |
4484207 |
| 005 - DATE AND TIME OF LATEST TRANSACTION |
| control field |
20180214082840.0 |
| 008 - FIXED-LENGTH DATA ELEMENTS--GENERAL INFORMATION |
| fixed length control field |
961021s1996 oru 000 0 eng d |
| 010 ## - LIBRARY OF CONGRESS CONTROL NUMBER |
| LC control number |
96220753 |
| 020 ## - INTERNATIONAL STANDARD BOOK NUMBER |
| International Standard Book Number |
0963832719 |
| 035 ## - SYSTEM CONTROL NUMBER |
| System control number |
(OCoLC)35767423 |
| 040 ## - CATALOGING SOURCE |
| Original cataloging agency |
IC |
| Transcribing agency |
IC |
| Modifying agency |
DLC |
| 041 ## - LANGUAGE CODE |
| Language code of text/sound track or separate title |
eng |
| 042 ## - AUTHENTICATION CODE |
| Authentication code |
lccopycat |
| 080 ## - UNIVERSAL DECIMAL CLASSIFICATION NUMBER |
| Universal Decimal Classification number |
305.244 CHAN |
| 082 00 - DEWEY DECIMAL CLASSIFICATION NUMBER |
| Classification number |
305.244 CHAN |
| Edition number |
21 |
| 100 1# - Rafti |
| Rafti |
50 |
| 101 ## - Shkurtesa |
| Shkurtesa |
SOC |
| 245 10 - TITLE STATEMENT |
| Title |
Inventing ourselves again : |
| Statement of responsibility, etc |
Janis Fisher Chan ; foreword by Margo Hackett. |
| 906 ## - LOCAL DATA ELEMENT F, LDF (RLIN) |
| a |
7 |
| b |
cbc |
| c |
copycat |
| d |
2 |
| e |
ncip |
| f |
19 |
| g |
y-gencatlg |
| 942 ## - ADDED ENTRY ELEMENTS (KOHA) |
| Source of classification or shelving scheme |
|
| Item type |
Books |